[Event "GA Rüdersdorf-Lübecker SV"]
[Site "Greifswald"]
[Date "2017.09.09"]
[Round "6.3"]
[White "Kloerss, Knut"]
[Black "May, Ben-Iven"]
[Result "1-0"]
[WhiteElo "1511"]
[BlackElo "1600"]
[PlyCount "167"]
[EventDate "2017.??.??"]
[WhiteTeam "Lübecker SV"]
[BlackTeam "GA Rüdersdorf"]

1. e4 e5 2. Nf3 Nc6 3. Bc4 Nf6 4. d3 Bc5 5. c3 d6 6. Bb3 Be6 7. O-O h6 8. Nbd2
O-O 9. h3 Bb6 10. Re1 Bxb3 11. Qxb3 Qd7 12. Nf1 Nh5 13. Qd1 Rad8 14. Nh4 Nf6
15. Nf5 d5 16. Qf3 Qe6 17. Bxh6 dxe4 18. dxe4 g6 19. Bxf8 Kxf8 20. N5g3 Kg7 21.
Ne3 Rd2 22. Re2 Qd7 23. Nd5 Nxe4 24. Nxb6 Rd1+ 25. Rxd1 Qxd1+ 26. Nf1 Ng5 27.
Qe3 axb6 28. Rd2 Qh5 29. f4 exf4 30. Qxf4 Ne6 31. Qe4 Qg5 32. Qe3 Qf6 33. Rf2
Qd8 34. Qf3 Qe7 35. Ne3 Ng5 36. Qf4 Ne6 37. Qg3 Qg5 38. Qxg5 Nxg5 39. Nd5 Ne6
40. Re2 g5 41. b4 Kf8 42. g3 Ne7 43. Rxe6 Nxd5 44. Re5 Nxc3 45. Rxg5 Nxa2 46.
h4 Nxb4 47. h5 f6 48. Rg4 Nd3 49. h6 Ne5 50. h7 Nf7 51. Rg8+ Ke7 52. h8=Q Nxh8
53. Rxh8 Kd6 54. Kf2 b5 55. Ke3 b6 56. Rh4 c5 57. Kd3 b4 58. Kc4 Kc6 59. Rf4
b5+ 60. Kb3 Kd5 61. Rxf6 Kd4 62. Rd6+ Ke5 63. Rd8 Ke4 64. g4 Kf4 65. g5 Kxg5
66. Rd5+ Kf4 67. Rxc5 Ke4 68. Kxb4 Kd4 69. Kxb5 Ke4 70. Kc4 Ke3 71. Re5+ Kf4
72. Kd4 Kf3 73. Re4 Kf2 74. Re3 Kf1 75. Ke4 Kf2 76. Kf4 Kg2 77. Re2+ Kh3 78.
Kf3 Kh4 79. Rg2 Kh5 80. Kf4 Kh6 81. Kf5 Kh7 82. Kf6 Kh8 83. Kf7 Kh7 84. Rh2#
1-0

[Event "GA Rüdersdorf-Lübecker SV"]
[Site "Greifswald"]
[Date "2017.09.09"]
[Round "6.4"]
[White "Eichelbaum, Georg"]
[Black "Schnell, Fabian"]
[Result "1-0"]
[WhiteElo "1341"]
[BlackElo "1225"]
[PlyCount "95"]
[EventDate "2017.??.??"]
[WhiteTeam "GA Rüdersdorf"]
[BlackTeam "Lübecker SV"]

1. e4 e5 2. Nf3 Nc6 3. Bb5 a6 4. Ba4 Nf6 5. O-O Bc5 6. Re1 d6 7. c3 O-O 8. d4
exd4 9. cxd4 Ba7 10. h3 Re8 11. Nc3 b5 12. Bb3 h6 13. Bf4 b4 14. Ba4 Bd7 15.
Nd5 Nxd5 16. exd5 Rxe1+ 17. Qxe1 Nxd4 18. Nxd4 Bxa4 19. Qxb4 Bd7 20. Re1 Qf6
21. Nc6 Bxc6 22. dxc6 Rb8 23. Qc4 Rxb2 24. Re8+ Kh7 25. Qe4+ g6 26. Be3 Re2 27.
Qf3 Qxf3 28. gxf3 Bxe3 29. fxe3 Rc2 30. Re7 Rxc6 31. Rxf7+ Kg8 32. Rd7 g5 33.
Kf2 Kf8 34. f4 Ke8 35. Rh7 d5 36. f5 Kd8 37. Kf3 Rf6 38. e4 d4 39. Ke2 c5 40.
Kd3 Kc8 41. a3 Kd8 42. Rg7 Rd6 43. Rg8+ Kc7 44. Rg6 Kd7 45. f6 c4+ 46. Kxc4 d3
47. f7 d2 48. Rxd6+ 1-0

[Event "Eintracht Berlin-Johanneum Eppendorf"]
[Site "Greifswald"]
[Date "2017.09.09"]
[Round "6.1"]
[White "Keyser, Philipp"]
[Black "Zappe, Florian"]
[Result "1/2-1/2"]
[WhiteElo "1968"]
[BlackElo "1699"]
[PlyCount "86"]
[EventDate "2017.??.??"]
[WhiteTeam "Johanneum Eppendorf"]
[BlackTeam "Eintracht Berlin"]

1. e4 d5 2. exd5 Qxd5 3. Nc3 Qd8 4. d4 c6 5. Nf3 Nf6 6. Bc4 b5 7. Bb3 e6 8. O-O
Nbd7 9. Qe2 Be7 10. Ne5 Nxe5 11. dxe5 Nd5 12. Nxd5 exd5 13. a4 b4 14. c4 bxc3
15. bxc3 O-O 16. Bc2 a5 17. Qd3 g6 18. Qg3 Bh4 19. Qe3 Be7 20. f4 f5 21. Rd1
Be6 22. Kh1 Qc7 23. Ba3 c5 24. Rab1 Rab8 25. Qe2 c4 26. Bxe7 Qxe7 27. Rb5 Rxb5
28. axb5 Qc5 29. Rb1 Rb8 30. Ba4 Rb6 31. h4 Bd7 32. Qd2 Be6 33. Kh2 h5 34. Rd1
Kf7 35. Qd4 Qxd4 36. Rxd4 Ke7 37. Kg3 Bf7 38. Kf3 Kd7 39. Rd2 Kc7 40. Ke3 Rb8
41. Kd4 Kb6 42. Re2 Be6 43. Bd1 Rg8 1/2-1/2

[Event "Eintracht Berlin-Johanneum Eppendorf"]
[Site "Greifswald"]
[Date "2017.09.09"]
[Round "6.2"]
[White "Straßburg, Robin Leonard"]
[Black "Keyser, Robin"]
[Result "1-0"]
[WhiteElo "1630"]
[BlackElo "1972"]
[PlyCount "125"]
[EventDate "2017.??.??"]
[WhiteTeam "Eintracht Berlin"]
[BlackTeam "Johanneum Eppendorf"]

1. d4 g6 2. Nf3 Bg7 3. e3 d6 4. Bd3 Nd7 5. Nbd2 c5 6. O-O Ngf6 7. b3 O-O 8. Bb2
b6 9. c4 cxd4 10. exd4 Re8 11. Ne4 Bb7 12. Qe2 Nh5 13. Rab1 Nf4 14. Qd1 d5 15.
Nc3 Nxd3 16. Qxd3 dxc4 17. bxc4 Rc8 18. d5 Qc7 19. d6 Qxc4 20. Qxc4 Rxc4 21.
Nb5 Bxf3 22. gxf3 Bxb2 23. Rxb2 Ne5 24. Kg2 Ra8 25. dxe7 Rc5 26. Nd6 Nc4 27.
Nxc4 Re8 28. Ne3 Rxe7 29. Rd2 Ra5 30. Rfd1 Kg7 31. Rc1 Re6 32. Rc7 Rf6 33. Rdd7
Rxa2 34. Rxa7 Rxa7 35. Rxa7 h5 36. Rb7 Kh6 37. Nd5 Rf5 38. Nxb6 Rg5+ 39. Kf1
Rf5 40. Ke2 Re5+ 41. Kd3 Rf5 42. Ke4 Rb5 43. Rb8 Rb4+ 44. Ke5 Rb5+ 45. Kf4 Rb2
46. Kg3 h4+ 47. Kxh4 Rxf2 48. Kg3 Rc2 49. Rc8 Rb2 50. Nd5 f5 51. Rc6 Rb1 52.
Nf4 Rg1+ 53. Kf2 Ra1 54. Rxg6+ Kh7 55. Rg2 Ra3 56. h4 Kh6 57. h5 Ra2+ 58. Kg1
Ra4 59. Rg6+ Kh7 60. Nh3 Rh4 61. Ng5+ Kh8 62. h6 f4 63. Nf7+ 1-0

[Event "Eintracht Berlin-Johanneum Eppendorf"]
[Site "Greifswald"]
[Date "2017.09.09"]
[Round "6.3"]
[White "Liebert, Marcel"]
[Black "Schulz, Jannis"]
[Result "1-0"]
[WhiteElo "1257"]
[BlackElo "1553"]
[PlyCount "67"]
[EventDate "2017.??.??"]
[WhiteTeam "Johanneum Eppendorf"]
[BlackTeam "Eintracht Berlin"]

1. e4 c6 2. d4 d5 3. Nc3 dxe4 4. Nxe4 Bf5 5. Ng3 Bg6 6. Nf3 Nd7 7. Bc4 e6 8.
Be3 Ngf6 9. O-O Bd6 10. Bd3 Qc7 11. Qd2 Bxd3 12. Qxd3 O-O 13. c3 Rad8 14. Rad1
e5 15. dxe5 Nxe5 16. Qf5 Nc4 17. Bg5 Be7 18. Qc2 Ng4 19. Qe4 Nge5 20. Nxe5 Nxe5
21. Bf4 Bd6 22. Rxd6 Qxd6 23. Bxe5 Qe6 24. Bd4 Qxa2 25. Qg4 f6 26. Nh5 Rf7 27.
Nxf6+ Kh8 28. Nh5 Rg8 29. Re1 Re7 30. Rd1 h6 31. Nf4 Rf7 32. Ng6+ Kh7 33. Qe4
Qb3 34. Nf8+ 1-0

[Event "Eintracht Berlin-Johanneum Eppendorf"]
[Site "Greifswald"]
[Date "2017.09.09"]
[Round "6.4"]
[White "Schulz, Maximilian"]
[Black "Soppe, Moritz"]
[Result "1-0"]
[WhiteElo "1505"]
[BlackElo "1051"]
[PlyCount "69"]
[EventDate "2017.??.??"]
[WhiteTeam "Eintracht Berlin"]
[BlackTeam "Johanneum Eppendorf"]

1. d4 d5 2. Nf3 c6 3. e3 Bf5 4. Bd3 e6 5. Qe2 Nf6 6. Nbd2 Bd6 7. O-O Nbd7 8. e4
dxe4 9. Nxe4 Nxe4 10. Bxe4 Nf6 11. Bxf5 O-O 12. Bd3 Qc7 13. h3 Nd5 14. Qe4 f5
15. Qxe6+ Kh8 16. Qe2 Nf4 17. Bxf4 Bxf4 18. Rfe1 g6 19. c3 g5 20. Qe7 Qxe7 21.
Rxe7 g4 22. hxg4 fxg4 23. Rxh7+ Kg8 24. Ne5 Bxe5 25. dxe5 Rf7 26. Rxf7 Kxf7 27.
Bc4+ Kg6 28. e6 Kf6 29. Rd1 b5 30. Bb3 c5 31. Re1 c4 32. Bc2 Re8 33. e7 Rxe7
34. Rxe7 Kxe7 35. Bf5 1-0

[Event "SAV Torgelow-Greifswalder SV"]
[Site "Greifswald"]
[Date "2017.09.09"]
[Round "6.1"]
[White "Troyke, Jannis"]
[Black "Beck, Jules"]
[Result "1-0"]
[WhiteElo "1870"]
[BlackElo "1483"]
[PlyCount "35"]
[EventDate "2017.??.??"]
[WhiteTeam "Greifswalder SV"]
[BlackTeam "SAV Torgelow"]

1. e4 e6 2. d4 d5 3. Nd2 dxe4 4. Nxe4 Bd7 5. Nf3 Bc6 6. Neg5 Nf6 7. Ne5 Ne4 8.
Nxc6 Nxc6 9. Nxe4 Nxd4 10. c3 Nf5 11. Bf4 Bd6 12. Bb5+ c6 13. Bxc6+ bxc6 14.
Nxd6+ Nxd6 15. Qxd6 Qxd6 16. Bxd6 Rd8 17. O-O-O f6 18. c4 1-0

[Event "SAV Torgelow-Greifswalder SV"]
[Site "Greifswald"]
[Date "2017.09.09"]
[Round "6.2"]
[White "Trömer, Axel"]
[Black "Altenstein, Jonas"]
[Result "1-0"]
[WhiteElo "1433"]
[BlackElo "1392"]
[PlyCount "63"]
[EventDate "2017.??.??"]
[WhiteTeam "SAV Torgelow"]
[BlackTeam "Greifswalder SV"]

1. e4 e5 2. Nf3 Nc6 3. Bb5 a6 4. Ba4 Nf6 5. O-O b5 6. Bb3 Bc5 7. c3 O-O 8. d4
exd4 9. cxd4 Bb4 10. Bc2 Re8 11. a3 Ba5 12. b4 Bb6 13. Nc3 Bb7 14. e5 Nxd4 15.
Nxd4 Rxe5 16. Nf3 Re8 17. Bb2 d6 18. Qd3 Bxf3 19. Qxf3 Bd4 20. Qh3 c5 21. Rfe1
Ra7 22. Nd5 Re5 23. Nxf6+ gxf6 24. Qxh7+ Kf8 25. Bxd4 cxd4 26. Bb3 Qe8 27. Qh8+
Ke7 28. Qxe8+ Kxe8 29. f4 Rxe1+ 30. Rxe1+ Re7 31. Rxe7+ Kxe7 32. Kf2 1-0

[Event "SAV Torgelow-Greifswalder SV"]
[Site "Greifswald"]
[Date "2017.09.09"]
[Round "6.3"]
[White "Wucherer, Sophie"]
[Black "Wolfgramm, Egon"]
[Result "1-0"]
[WhiteElo "1288"]
[BlackElo "1239"]
[PlyCount "53"]
[EventDate "2017.??.??"]
[WhiteTeam "Greifswalder SV"]
[BlackTeam "SAV Torgelow"]

1. d4 d5 2. Bf4 Bf5 3. e3 e6 4. c4 c6 5. Qb3 Qa5+ 6. Nc3 Qb4 7. c5 Qxb3 8. axb3
Nd7 9. Nf3 Ngf6 10. h3 Ne4 11. Nxe4 Bxe4 12. Be2 a6 13. b4 Bxf3 14. Bxf3 b6 15.
O-O f6 16. e4 e5 17. Be3 b5 18. exd5 cxd5 19. Bxd5 Ra7 20. dxe5 fxe5 21. c6 Rc7
22. cxd7+ Kxd7 23. Bb6 Rc8 24. Rfd1 Ke7 25. Rxa6 Kf6 26. Bd8+ Kf5 27. Be6+ 1-0

[Event "SAV Torgelow-Greifswalder SV"]
[Site "Greifswald"]
[Date "2017.09.09"]
[Round "6.4"]
[White "Rosenhahn, Nico"]
[Black "Kraffzig, Conrad"]
[Result "0-1"]
[WhiteElo "1211"]
[BlackElo "1151"]
[PlyCount "66"]
[EventDate "2017.??.??"]
[WhiteTeam "SAV Torgelow"]
[BlackTeam "Greifswalder SV"]

1. e4 e5 2. Nf3 Nc6 3. Bc4 Bc5 4. d3 h6 5. Be3 Bxe3 6. fxe3 Nf6 7. Nc3 d6 8.
O-O Ng4 9. Qe2 O-O 10. h3 Nf6 11. Rad1 Bd7 12. d4 exd4 13. exd4 Re8 14. e5 Nh5
15. Rfe1 Nf4 16. Qf2 Bxh3 17. Qg3 Nxg2 18. Re2 Qd7 19. Rxg2 Bxg2 20. Qxg2 dxe5
21. dxe5 Qf5 22. Bd3 Qe6 23. Bb5 a6 24. Bxc6 Qxc6 25. Re1 Qb6+ 26. Kh1 Qxb2 27.
Rg1 g6 28. Nd5 Rxe5 29. Nxe5 Qxe5 30. Nb4 Re8 31. Qxb7 Qh5+ 32. Kg2 Qg4+ 33.
Kf1 Qe2# 0-1